00555 a2200181 4500020001500000040001300015082001300028100002100041245004900062250001200111260004400123300004800167650003200215650004000247650004100287650002300328650002200351 a0618298428 aDLCbDLC00a808.06661 aKolin, Philip C.10aSuccessful writing at workcPhilip C. Kolin. a7th ed. aBoston :bHoughton Mifflin Co.,cc2004. axxvii, 801 p. :bill. (some col.) ;c23 cm. 0aEnglish languagexRhetoric. 0aEnglish languagexBusiness English. 0aEnglish languagexTechnical English. 0aTechnical writing. 0aBusiness writing.